000 00339nam a22001217a 4500
001 1966
005 20260416073310.0
008 260416b |||||||| |||| 00| 0 eng d
020 _a9789359303222
245 _aFinancial Accounting For B.Com, BBA and Foundation Courses of CA, CS and CMA (8/e)
250 _aKARNATAKA
_b8
942 _2ddc
_cBOOK
_n1
999 _c1966
_d1966